Statystyki dla Piłkarska kariera Claudea Makelele.

Kliknij tutaj aby rozwiązać quiz!

Ogólne statystyki

  • Ten quiz został rozwiązany 48 razy
  • Średni wynik to 3 z 9

Statystyki odpowiedzi

LataDrużyna% Poprawnych
2000-2003Real Madryt
88%
2003-2008Chelsea
85%
2008-2011PSG
71%
1997-1998Olympique Marsylia
44%
1992-1997Nantes
27%
1998-2000Celta Vigo
15%
1991-1992Nantes B
2%
?-1990Sporting Melun
2%
1990-1991Stade Brest B
0%

Rozkład punktacji

Percentyl według liczby udzielonych odpowiedzi

Procent ludzi z każdym wynikiem

Twoja historia wyników

Nie rozwiązałeś tego quizu